Statistics for Kolson Countries

Click here to take the quiz!

General Stats

  • This quiz has been taken 8 times
  • The average score is 4 of 8

Answers on the Map

Answers color-coded by a green-red scale on the quiz's map according to % correct below.
 

Answer Stats

HintHintCountry% Correct
384.0118.7United Kingdom
83%
384.2167.2Africa
50%
425.5124.0America
50%
0149.2Asian
50%
420.0301.2Australia
50%
234.0373.0Solomon Islands
50%
480.5125.0Joplin
33%
241.4204.0Kenya
17%

Score Distribution

Percentile by Number Answered

Percent of People with Each Score

Your Score History

You have not taken this quiz